000 nam a22 7a 4500
999 _c7840
_d7840
008 171027b xxu||||| |||| 00| 0 eng d
020 _a9788184484496
100 _aSood Ramnik
_94309
245 _aMedical Laboratory Technology
_bMethods and Interprations
260 _aNew Delhi
_bJaypee Brothers Publication
_c2009